| 000 | 00470nam a22001097a 4500 | ||
|---|---|---|---|
| 008 | 150622b xxu||||| |||| 00| 0 eng d | ||
| 010 | _8HCCRSF:007 | ||
| 245 | _aHIGH COURT CRIMINAL SESSION NO.700 OF 1970 Uganda Vs Paulo Kezabubi | ||
| 260 | _aHigh Court Kampala | ||
| 500 | _3(Original criminal case no. SKA.25 of 1970 in the Magistrate's Court of Kabale at Kabale Before-P.A.P.J.Allen,Esq.,Chief Magistrate). | ||
| 500 | _3BEFORE:The Honourable Mr.Ag.Justice R.E.G.Russell | ||
| 999 |
_c6588 _d6588 |
||